Atlas ejidal del Estado de Sinaloa : (Record no. 4925)

MARC details
000 -CABECERA
campo de control de longitud fija 00679nam a2200193 a 4500
005 - FECHA Y HORA DE LA ÚLTIMA TRANSACCIÓN
campo de control 20210223120644.0
008 - ELEMENTOS DE LONGITUD FIJA--INFORMACIÓN GENERAL
campo de control de longitud fija 991125s1991 mx 000 0 spa u
020 ## - NÚMERO INTERNACIONAL NORMALIZADO PARA LIBROS
Número Internacional Estándar del Libro 9688924571
035 ## - NÚMERO DE CONTROL DEL SISTEMA
Número de control de sistema UPN01000004925
049 ## - COLECCIÓN
Colección C
050 #4 - SIGNATURA TOPOGRÁFICA DE LA BIBLIOTECA DEL CONGRESO
Número de clasificación HA762
Número de documento/Ítem S5 1988
110 2# - ASIENTO PRINCIPAL--NOMBRE CORPORATIVO
Nombre de entidad corporativa o nombre de jurisdicción como elemento de entrada Instituto Nacional de Estadística, Geografía e Informática (México)
245 10 - MENCIÓN DE TÍTULO
Título Atlas ejidal del Estado de Sinaloa :
Resto del título encuesta nacional agropecuaria ejidal, 1988 /
Mención de responsabilidad, etc. Instituto Nacional de Estadística, Geografía e Informática.
260 ## - PUBLICACIÓN, DISTRIBUCIÓN, ETC.
Lugar de publicación, distribución, etc. México :
Nombre del editor, distribuidor, etc. INEGI,
Fecha de publicación, distribución, etc. 1991.
300 ## - DESCRIPCIÓN FÍSICA
Extensión 44 p. :
Otras características físicas mapas, gráfs.
650 #4 - ASIENTO SECUNDARIO DE MATERIA - TERMINO TEMATICO
Término de materia o nombre geográfico como elemento de entrada EJIDOS -
Subdivisión geográfica SINALOA
9 (RLIN) 19958
651 #4 - ASIENTO SECUNDARIO DE MATERIA - NOMBRE GEOGRAFICO
Nombre geográfico SINALOA -
Subdivisión de forma CENSOS
9 (RLIN) 17783
905 ## - TIPO DE MATERIAL
Tipo de material Libro
Holdings
Estado de retiro Estado de pérdida Fuente del sistema de clasificación o colocación Estado dañado No para préstamo Código de colección Localización permanente Ubicación/localización actual Ubicación en estantería Total de préstamos Clasificación Código de barras Fecha visto por última vez Número de copia Tipo de ítem Koha
    Library of Congress Classification   Consulta Consulta Bib. Gregorio Torres Quintero Bib. Gregorio Torres Quintero Sala de lectura Sótano   HA762 S5 1988 14598F 31/12/2020 1 Libro